000 00607cam a2200205 4500
001 ABS66680
008 030529n2003 000 0 eng u
035 _a(Sirsi) u122456
245 _aRegional survey: Midtown
260 _c2003
490 _aProperty Week
_v(68(14) 11 April 2003, 41-52(8)
590 _aABS
650 _aMIDTOWN
650 _aLONDON
650 _aPROPERTY-COMMERCIAL PROPERTY-OFFICE PROPERTY-OFFICE PROPERTY MARKET
650 _aBUILT ENVIRONMENT-CONSTRUCTION DESIGN
650 _aTERRORISM
690 _aPROPERTY-COMMERCIAL PROPERTY-COMMERCIAL PROPERTY MARKET
942 _n0
999 _c72781
_d72781